[Event "Gashimov Memorial 5th"]
[Site "Shamkir"]
[Date "2018.04.26"]
[Round "7"]
[White "Carlsen, Magnus"]
[Black "Topalov, Veselin"]
[Result "1-0"]
[WhiteElo "2843"]
[BlackElo "2749"]
[Annotator "Marin,Mihail"]
[PlyCount "111"]
[EventDate "2018.04.19"]
[EventType "tourn"]
[EventRounds "9"]
[EventCountry "AZE"]
[EventCategory "21"]
[SourceTitle "CBM 184"]
[Source "ChessBase"]
[SourceDate "2018.05.16"]
[SourceVersion "1"]
[SourceVersionDate "2018.05.16"]
[SourceQuality "1"]

1. c4 Nf6 2. Nc3 e5 3. Nf3 Nc6 4. e3 $5 ({In the remote past this was a reasonably frequent alternative to the absolute main line} 4. g3 {but then it almost disappeared for a long while. Nowadays there seems to be some interest in it again.}) 4... Bb4 5. Qc2 Bxc3 {This apparent concession, exchanging the bishop before White attacks it, is considered Black's safest way of "drying up" the position and depriving White of any chance for an initiative. The point is that WHite has to either expose his queen or somewhat spoil his structure.} (5... O-O {leads to more lively play as for instance:} 6. Nd5 Re8 7. Qf5 d6 8. Nxf6+ Qxf6 9. Qxf6 gxf6 {Grischuk,A (2785)-Giri,A (2737) Elancourt 2013 CBM 157 [ChessBase Website] (1-0, 34)}) 6. bxc3 $5 {Strategically this is the most consistent. White strengthens his centre aiming at placing his pawns on d3 and e4. This would be fine in the 4.g3 systems, but here White has committed his queen very early and needs to waste a tempo with e3-e4.} (6. Qxc3 Qe7 7. Be2 d5 8. cxd5 Nxd5 9. Qb3 Nb6 10. d3 Bg4 11. Bd2 O-O-O 12. Rc1 f5 {Oleksienko,M (2615)-Navara,D (2726) Germany 2018 (0-1, 52), with active play for Black.}) 6... d6 (6... O-O {may lead to a transposition but in the following game White reserved a different fate for his bishop than Carlsen:} 7. d3 d6 8. Be2 Re8 9. e4 {Aronian,L (2799)-Matlakov,M (2728) Tbilisi 2017 CBM 181 [Mekhitarian,K] (1-0, 40)}) 7. e4 O-O 8. g3 $5 {Strategically the most ambitious plan, but due to the two wasted tempi (c2 and e3-e4) completely inoffensive.} ({RR} 8. Be2 Nh5 9. d4 Nf4 10. Bxf4 exf4 11. O-O Qf6 12. Rfe1 Re8 13. Bd3 Bg4 14. Nd2 Na5 15. c5 dxc5 16. e5 Qh6 17. d5 Rad8 18. c4 b6 19. h3 Bh5 20. Be4 Re7 21. Qc3 Rde8 22. Bf3 Nb7 {Ding Liren (2788)-Nepomniachtchi,I (2795) Astana KAZ 2023 1-0 (47)}) 8... Ne8 $5 $146 {The knight is temporarily passive on e8 but keeping the bishop's diagonal open ensures the carrying out of the thematic break ...f7-f5.} (8... Nd7 9. Bg2 Nc5 {looks a bit more harmoniousd, though.} 10. Nh4 (10. O-O f5 $15) (10. d4 exd4 11. cxd4 Bg4 $5 $15 12. dxc5 $6 Bxf3 13. Bxf3 Qf6 $17) 10... a6 ({Preparing to undermine the centre with ...b7-b5. The same manoeuvre as in the game} 10... Ne7 {does not work due to} 11. d4 $14 {and Black can complain about not having placed the knight safely on e8.}) 11. O-O (11. a4 Na5 12. d3 Nab3 $11) 11... b5 12. d4 exd4 13. cxd4 Nxd4 14. Qd2 Nc6 15. e5 Bb7 16. exd6 Qxd6 17. Qxd6 cxd6 18. Nf5 {½-½ Khairullin,I (2662)-Svidler,P (2739) Chita 2015 CBM 168 [Sagar Shah]} Ne5 $11) 9. Nh4 Ne7 10. d3 $146 ({Queenside queen activity is premature with incomplete kingside development. I was watching the following game from the next board and was surprised by the superficiality of such a great English expert like Suba:} 10. Qb3 Rb8 (10... f5 $5) 11. d4 c5 12. dxc5 dxc5 13. Qa3 b6 14. Qxa7 Bb7 $17 {Suba,M (2535)-Komarov,D (2580) Sovata 1998 EXT 1999 [Bulletin] (½-½, 40)}) ({RR} 10. Bg2 f5 11. d4 fxe4 12. Bxe4 Nf6 13. Bg2 exd4 14. cxd4 d5 15. O-O dxc4 16. Ba3 Re8 17. Rfe1 Ned5 18. Qxc4 c6 19. Re5 Be6 20. Qe2 Qd7 21. Re1 Nc3 22. Qe3 Nfd5 23. Qg5 Qf7 24. f4 h6 {Lentzos,I (2117)-Eggleston,D (2349) England ENG 2025 0-1 (59)}) ({RR} 10. d4 f5 11. dxe5 dxe5 12. Bg5 Nd6 13. exf5 Ndxf5 14. Bd3 g6 15. O-O-O Qe8 16. Rhe1 Nc6 17. f4 Nxh4 18. gxh4 Bf5 19. h5 Qe6 20. hxg6 hxg6 21. Bxf5 Qxf5 22. Qd2 exf4 23. Qd5+ Rf7 24. Re6 Raf8 {Mekhitarian,K (2563)-Filgueiras,N (2257) Florianopolis 2020 ½-½ (58)}) 10... f5 11. exf5 Nxf5 12. Nxf5 Bxf5 {It goes without saying that Black has solved all his opening problems.} 13. Bg2 c6 {Preparing to re-activate the knight.} 14. h3 Nc7 15. O-O Ne6 $11 {If on the white side there were any other player, we could say Black's position is comfortable and safe. But this is never the case when you face Carlsen. And to do justice to Topalov, he is also in permanent search for ways to complicate the fight.} 16. Be3 Nc5 {This is already a sign that something may change in the position soon, in view of the possible exchange on c5. But since White planned ad1-d2, d1 and d3-d4, Black should activate his knight before it is too late.} 17. Rad1 (17. Bxc5 {is slightly premature as WHite is not too well prepared to defend the d3-pawn:} dxc5 18. Rad1 Qd7 19. Kh2 Rad8 20. Qc1 Qe6 21. Qe3 Qg6 $11) 17... Qd7 18. Kh2 Bg6 $6 {A somewhat inconsistent move, losing a tempo and disabling the regrouping with ...g6.} (18... Rad8 19. Rd2 Rfe8 {would have kept the rhythm of development.}) ({But also} 18... b6 {was good, with possible transposition to the game.}) 19. Rd2 ({White could have tried using the tempo offered by Black with} 19. Bxc5 $5 dxc5 20. Rfe1 Rfe8 (20... Rae8 21. Re3 $14) 21. Re3 Rad8 22. Qe2 $14 {and White is better regrouped, to take advantage of the opponent's weaknesses.}) 19... Rae8 20. Qd1 b6 $1 $11 {Topalov consolidates his knight, but later he will not make use of the main virtues of his last move.} 21. Re1 (21. Bxc5 bxc5 22. d4 cxd4 23. cxd4 e4 $13) 21... h6 22. Bxc5 {It is hard to say whether Carlsen still hoped to obtain an advantage when playing this. In principle he would have liked to carryi out d3-d4 but this is not easy to achieve under favourable circumstances:} (22. d4 Ne4 $11) (22. f3 Nb7 $1 {Carlsen} (22... Ne6 23. d4 exd4 24. cxd4 d5 25. cxd5 Qxd5 {Topalov} 26. f4 Be4 27. Bxe4 Qxe4 28. d5 $16) 23. d4 $6 Na5 $15) 22... dxc5 $6 ({And it is even harder to say why did Topalov weaken his centre when he had the simple and good} 22... bxc5 $11 {at his disposal.}) 23. Re3 $14 {We now get a similar position as in some lines above. The d3-pawn is much more solidly defended than the e5-pawn and c6 is also hanging sometimes.} Re6 24. Kg1 $5 {A typical mysterious Carlsen move. He probably wanted to keep f2 overdefended should his rooks get busy winning the e5-pawn.} ({But} 24. h4 $5 $14 {may be a bit more to the point.}) 24... Rd6 25. h4 Rd8 $6 {Another curious decision. It looks as if Topalov had lost his patience. Or maybe he simply blundered something in the ensuing tactical line.} (25... Re8 {completes the regrouping in a better way, by defending e5.}) {But even after the last small inaccuracy Black remains close to equality.} 26. Rxe5 Bxd3 (26... Rxd3 $2 {runs into} 27. Bd5+ $1 cxd5 28. Rxd3 ({or} 28. Rxd5 {Topalov}) 28... Bxd3 29. Rxd5 $16 {Carlsen.}) 27. Be4 Bxc4 $2 {Along his career Topalov probably sacrificed more exchanges and queens than any of his contemporaries. But in this case the last move puts him on the verge of defeat.} ({Ljubojevic suggested} 27... Bc2 {but Black loses a pawn without compensation:} 28. Rxd6 Bxd1 29. Rxd7 Rxd7 30. Bxc6) ({Carlsen was mainly worried about his chances for an advantage after} 27... Kf8 $1 {, defending e8 and avoiding any combination based on e8+. Topalov considered this move but "did not dare playing it" True, White could win a pawn with} 28. Qf3+ Kg8 (28... Rf6 $2 29. Qe3 Rd6 30. Rxd3 Rxd3 31. Bxd3 Qxd3 32. Re8+ $1 $18) 29. Bxc6 Qxc6 30. Qxc6 Rxc6 31. Rd5 $1 {Not an easy move to find in advance.} Rxd5 32. cxd5 Rd6 33. Rxd3 {But after} b5 $14 {Black is in no real danger of losing.}) 28. Rxd6 Qxd6 29. Re8+ $1 Rxe8 30. Qxd6 Rxe4 31. Qxc6 Re1+ 32. Kh2 Bxa2 {Material is about equal but the black king is vulnerable and his pieces are not coordinated, making them comfortable targets for the queen.} 33. g4 {White's best plan is weakening the enemy king, of course.} Kh7 34. f4 $18 h5 {Logical but insufficient.} 35. f5 $6 {This weakens the f-pawn and offers Black saving chances.} (35. Qd7 $1 {[%csl Ra2,Re1][%cal Gd7d2] would have more or less won:} Bc4 (35... Re2+ 36. Kg3 {[%cal Gd7d3] does not change anything.}) 36. Qf5+ g6 37. Qd7+ Kg8 38. gxh5 gxh5 39. Qxa7 $18 {The combined attack of the queen, king and f-pawn wins easily.}) 35... hxg4 36. h5 (36. Qg6+ Kh8 37. f6 g3+ ({During the post mortem} 37... gxf6 {was also considered satiosfactory but probably both players overlooked that after} 38. Qxf6+ Kh7 {White wins a piece with} 39. Qf2 $1 Ra1 40. Qb2 $18) 38. Qxg3 Re2+ 39. Kg1 gxf6 {with reasonable drawing chances.}) (36. Qb7 $5 {[%cal Gf5f6]} Kh8 37. Qxa7 Bb1 38. Qxb6 Bxf5 39. Qxc5 $18) 36... Bf7 37. Qb7 Kg8 $14 {Black has partly stabilised and has two targets on f5 and h5.} 38. Qxa7 (38. f6 {is parried with} Re6) 38... Bxh5 $2 {This exposes the bishop in one of the lines below, once again turning the position into critical for Black.} (38... Rf1 $14 {or}) (38... Re3 $14 {[%cal Ge3f3] would have retrieved the kingside pawns maintaining the stability at the same time.}) 39. Qxb6 c4 40. Qd8+ Be8 ({A sad necessity such as} 40... Kh7 {allows} 41. Qh4 {with a very unpleasant pin. For instance} Re2+ 42. Kg3 Re3+ 43. Kf4 Rf3+ 44. Kg5 Rh3 45. Qf2 {with a similar attack as in the game.}) 41. Kg3 Kh7 ({As pointed out by Carlsen} 41... g6 {fails to free Black after} 42. Kf2 Re5 43. fxg6 Rf5+ 44. Kg3 Rf8 45. Qd6 {folowed by the king's advance.}) 42. Qc7 Kg8 43. Qxc4+ Bf7 44. Qd4 Re8 45. c4 {White is winning already and Carlsen will display the needed accuracy until the end.} Rf8 46. c5 Be8 47. Qd5+ Kh7 48. Qe6 (48. Qe4 $5 Bd7 49. f6+ Kg8 50. Qd5+ Rf7 51. fxg7 Kxg7 52. c6 Bc8 (52... Bf5 53. c7 $18) 53. Qg5+ Kh7 54. Qd8 Be6 55. c7 $18) 48... Bb5 49. c6 Bxc6 (49... Ba6 50. c7 (50. Kxg4 Bc8 51. Qe5 $18 {Carlsen}) 50... Bc8 51. Qg6+ Kg8 52. Kxg4 Rf7 53. Kg5 Rxc7 54. Qe8+ Kh7 55. f6 gxf6+ (55... Rc5+ 56. Kh4 $18) 56. Kxf6 $18 {Carlsen. Black loses one of his pieces soon.}) 50. Qg6+ Kg8 51. Qxc6 Rf6 52. Qe8+ Kh7 53. Kxg4 {With pawns on f7 and g5 the game would be drawn, but the way it is White has a simple winning plan, known since the earliest endgame books.} Rh6 54. Kf4 Rf6 55. Ke5 Rh6 56. Qe6 1-0

[Event "Morelia/Linares 25th"]
[Site "Morelia/Linares"]
[Date "2008.03.04"]
[Round "12"]
[White "Carlsen, Magnus"]
[Black "Topalov, Veselin"]
[Result "1-0"]
[WhiteElo "2733"]
[BlackElo "2780"]
[Annotator "Marin,Mihail"]
[PlyCount "73"]
[EventDate "2008.02.15"]
[EventType "tourn"]
[EventRounds "14"]
[EventCountry "ESP"]
[EventCategory "21"]
[SourceTitle "CBM 123"]
[Source "ChessBase"]
[SourceDate "2008.04.02"]
[SourceVersion "1"]
[SourceVersionDate "2008.04.02"]
[SourceQuality "1"]

1. c4 e5 2. Nc3 Nf6 3. Nf3 Nc6 4. d3 $5 {This far from popular move has been a lucky choice for White at the top level recently.} d5 ({The main idea behind White's previous move is to answer} 4... Bb4 {with} 5. Bd2 {, preventing the creation of double pawns as frequently happens after 4.g3 b4.}) 5. cxd5 Nxd5 6. e4 Nb6 (6... Nf6 {Morozevich,A (2758)-Grischuk,A (2726)/Mexico City MEX 2007/CBM 120/[Marin] (1-0, 42)}) 7. Be2 Be7 8. O-O (8. Be3 {was played in Spraggett,K (2575)-Lautier,J (2450)/Correze 1989/EXT 97 (0-1, 39) as mentioned in my notes to the previous game.}) 8... O-O 9. a4 {...a5 is a typical idea in the Bolseslavsky Sicilian, so why not play a4 here?} Be6 $5 ({Topalov does not wish to weaken his b5-square. Instead, he ignores the threat of a5, hoping that the weakness of the b4- and b3-squares will offer him good counterplay.} 9... a5 {was investigated in the comments to the Morozevich-Grischuk game.}) 10. Be3 $146 {technically speaking, this is a novelty, although transpositions are possible here.} (10. a5 Nd7 11. d4 exd4 12. Nxd4 Nxd4 13. Qxd4 {Now, 13...c6 is likely to transpose, but Black carelessly allowed the activation of the enemy queen with} Bf6 $6 14. Qb4 b6 15. Be3 Be7 16. Qb5 $14 {Topel,Z (2085)-Vasilieva,M (2124)/Chisinau 2005/CBM 106 ext (1-0, 45)}) 10... Nd7 ({RR} 10... a6 11. a5 Nd7 12. d4 exd4 13. Nxd4 Nxd4 14. Bxd4 Nc5 15. Be3 Qxd1 16. Rfxd1 Rfd8 17. Nd5 Bxd5 18. exd5 Nd7 19. Bf4 Bd6 20. Bxd6 cxd6 21. Rac1 Nf6 22. Rc7 Rab8 23. Bf3 b6 24. b4 bxa5 25. bxa5 {Carlsen,M (2870)-Aronian,L (2772) Kolkata 2019 1-0 (56)}) 11. d4 $146 {With reversed colours, this would have been an entirely satisfactory decision, equalizing completely. Will White's extra tempo offer any chances for an advantage here? The further course of the game suggests an affirmative answer.} ({However,} 11. a5 {should also be mentioned, when the structure is likely to suffer radical modifications, leading to very complicated play which is hard to evaluate.} Nc5 (11... f5 $6 12. exf5 Rxf5 {Ameri,H-Kichinski,R/Livermore 1989/(0-1, 30)} 13. a6 (13. Nd2 $14) 13... b6 14. Nd2 $14 {[%cal Ge2g4] The dream position of any Sicilian Najdorf player.}) (11... Bc5 $6 12. a6 b6 13. Qa4 Nb4 14. d4 exd4 15. Nxd4 $14) 12. b4 $5 Nxb4 (12... Nb3 13. Rb1 Nbd4 14. b5 Nxf3+ 15. Bxf3 Nd4 16. Bg4 $14 {Despite the black knight's centralisation, White's stability on the light squares is likely to tell in the long term.}) 13. Nxe5 f6 (13... Nb3 14. Rb1 Nxa5 15. d4 $44 {[%csl Ra5,Rb4,Gd4,Ge4]}) 14. Rb1 fxe5 15. Rxb4 $13 {The structure is highly assymetrical and the position remains strategically unbalanced.}) ({RR} 11. Qb1 Nc5 12. a5 f6 13. Rd1 Nb3 14. Ra4 Ncd4 15. Bxd4 Nxd4 16. Nxd4 exd4 17. Nd5 Bd6 18. Qc2 c6 19. Nb4 f5 20. e5 Bxe5 21. a6 b5 22. Raa1 Rc8 23. Bf3 Qh4 24. g3 Qf6 25. Qe2 f4 {Yuffa,D (2235)-Musakaev,E (2295) Tiumen 2010 0-1 (43)}) ({RR} 11. Rc1 Nc5 12. Nd5 Bxd5 13. Bxc5 Bxc5 14. Rxc5 Be6 15. h3 Qd6 16. Qc2 f6 17. Qc3 a5 18. Rc1 Rf7 19. Bd1 Nb4 20. Bb3 c6 21. Bxe6 Qxe6 22. Rd1 b6 23. Rc4 c5 24. Qb3 Re7 25. Nd2 Rd8 {Rasulov,V (2512)-Yan,T (2290) Aksu, Xinjiang CHN 2025 ½-½ (54)}) 11... exd4 12. Nxd4 Nxd4 13. Qxd4 c6 14. a5 Nc5 15. Qe5 {Having a strong kingside majority, White rightly avoids the exchange of queens, retaining chances for an attack.} Nb3 16. Ra4 Bd6 17. Qh5 g6 18. Qh6 {Clouds start gathering around the black king. The strong e5 followed by h4 is very strong.} Be5 {[%cal Ge5g7] AIming to expel the enemy queen as soon as possible from its attacking position.} (18... Nxa5 $2 19. e5 $1 Be7 (19... Bxe5 20. Rh4 $18) 20. Ne4 f6 21. exf6 Bxf6 22. Nxf6+ Rxf6 23. Bg5 $18) (18... Qe7 {parries the threat, but does not relieve the pressure.} 19. h4 (19. e5 Bxe5 20. Rh4 f5) 19... Be5 20. h5 Bg7 21. Qf4 $36) 19. Bg5 $6 {In combination with the next move, this is hard to understand.} (19. h4 Bg7 20. Qf4 Qb8 {Now, after having provoked the weakening of Black's kingside, White can exchange queens already, maintaining the initiative.} 21. Qxb8 Raxb8 22. f4 $36 {[%cal Gh4h5,Gf4f5]}) 19... Qc7 20. Be3 $6 (20. Qh4 $5 {[%cal Gg5f6]}) 20... Nxa5 {The logical punishment for the loss of two tempi.} 21. f4 Bg7 22. Qh4 Bb3 (22... b5 $5 23. Rxa5 (23. Rd4 Nc4) 23... Qxa5 24. f5 Bb3 25. f6 Bh8 {Black has a huge material advantage, but his bishop is captive on h8. However, it is not clear how he would generate an effective attack.} 26. Qg5 (26. e5 b4 27. Ne4 Qxe5) (26. Rf3 b4 27. Rh3 h5 28. Bxh5 Qxh5 29. Qf4 Qxh3 30. gxh3 bxc3 31. bxc3 a5 $19) 26... Rad8 27. h4 Qc7 28. h5 Rfe8 {and there seems to be no danger for Black.}) 23. Rd4 $5 {An interesting psychological trick. Knowing Topalov's habit of sacrificing the exchange himself, Carlsen probably relied on the fact that his opponent would not capture on d4. After other moves, White would just be a pawn down.} Rad8 $6 {After this ultra-cautious move, White will obtain adequate compensation for his minimal material disadvantage, in view of the fact that two of Black's minorpieces are far from the kingside.} (23... Bxd4 $5 24. Bxd4 f5 $1 {It is essential to deprive the bishop of the stable outpost on f6, although opening the position looks a bit dangerous.} (24... Qd6 25. Bf6 Rfd8 26. Rf3 $40) 25. exf5 Qd8 $1 26. Qf2 Rxf5 27. Bg4 Rf7 $6 {and it is not easy to continue the attack, for instance} 28. Ne4 Rxf4 $1 29. Nf6+ Qxf6 $1) 24. e5 $1 $44 Rxd4 25. Bxd4 c5 26. Be3 f6 {Black questions White's advantage in space at once, but this will lead to an additional weakening of his kingside.} 27. Nb5 Qd8 28. f5 $5 (28. Bxc5 fxe5 $1) (28. e6 $5 Qe7 (28... Bxe6 29. Bxc5 f5 30. Qf2 Rf7 31. Bxa7 $11 Bxb2 $6 32. Bb6 Qd2 33. Rd1 Qb4 34. Rb1 $36) 29. f5 gxf5 30. Rf3 $44) 28... fxe5 29. Bg5 {Finally, this bishop has found an useful job in this game.} Qb6 30. f6 c4+ 31. Kh1 Qxb5 32. fxg7 Rxf1+ 33. Bxf1 {[%csl Rg8][%cal Gg5h6,Gh4e7]} Kxg7 {The safest continuation, eliminating the dangerous pawn.} (33... Qd5 34. Bh6 Nc6 $8 35. Be2 Qf7 36. h3 $44 {This looks a bit dangerous for Black, despite his two extra pawns. In fact, the threat of g4 practically forces Black to return one of the pawns with} c3 37. bxc3 {in order to open the communication between his own bishop and the kingside, but then White would not risk anything, being just a pawn down.}) 34. Bd8 Nc6 $4 {An incredible blunder in a position where it is hard to believe that White should have anything better than a draw by perpetual.} (34... Qd5 35. Qe7+ Kg8 (35... Kh6 $2 36. Qf8+ Kh5 37. Be2+) 36. Qe8+ $11) (34... Kg8 35. Qe7 Qd5 $8 $11) 35. Qf6+ Kg8 36. Qe6+ Kf8 37. Bg5 1-0

[Event "GCT Warsaw 2024"]
[Site "Warsaw, Poland"]
[Date "2024.05.11"]
[Round "14.1"]
[White "Carlsen, Magnus"]
[Black "Keymer, Vincent"]
[Result "1-0"]
[WhiteElo "2828"]
[BlackElo "2647"]
[PlyCount "88"]
[EventDate "2024.??.??"]

1. c4 Nf6 2. Nc3 e5 3. Nf3 Nc6 4. a3 d5 5. cxd5 Nxd5 6. Qc2 Nxc3 7. bxc3 Bd6 8. g3 ({RR} 8. e3 O-O 9. d4 Qe7 10. Be2 b6 11. O-O Bb7 12. Re1 Rfe8 13. Bb2 Na5 14. Bb5 c6 15. Bf1 e4 16. Nd2 c5 17. c4 cxd4 18. exd4 Qh4 19. g3 Qg4 20. Bg2 f5 21. c5 Bf8 22. Nc4 {1-0 (22) Kramnik,V (2808)-Karjakin,S (2781) Stavanger 2017}) ({RR} 8. e3 O-O 9. d4 Qe7 10. Be2 b6 11. O-O Bb7 12. Re1 Rfe8 13. Bb2 Na5 14. Bb5 c6 15. Bf1 e4 16. Nd2 c5 17. c4 cxd4 18. exd4 Qh4 19. g3 Qg4 20. Bg2 f5 21. c5 Bf8 22. Nc4 {1-0 (22) Kramnik,V (2808)-Karjakin,S (2781) Stavanger 2017}) 8... O-O 9. Bg2 Qe7 10. d3 h6 $146 ({RR} 10... Bd7 11. O-O Rad8 12. Ng5 h6 13. Ne4 b6 14. a4 Na5 15. c4 Bb4 16. Nc3 Bxc3 17. Qxc3 Rfe8 18. Ba3 Qe6 19. Bd5 Qg4 20. Bf3 Qg6 21. Bb4 Nc6 22. Rfe1 Nd4 23. Bg2 a5 24. Ba3 Bxa4 25. Be7 {Potkin,V (2626)-Wang,Y (2716) Ningbo 2010 0-1 (43)}) ({RR} 10... Bd7 11. O-O Na5 12. Nd2 c5 13. Ne4 f5 14. Nxd6 Qxd6 15. f4 Rae8 16. fxe5 Qxe5 17. Rf2 Bc6 18. Bxc6 Nxc6 19. Qb3+ Rf7 20. g4 Na5 21. Qa4 Nc6 22. Bd2 Re6 23. Raf1 Rg6 24. g5 Re6 25. e4 {Vaganian,R (2595)-Chernin,A (2565) Nabereznye Chelny 1988 1-0 (44)}) ({RR} 10... Bd7 11. O-O Rae8 12. e4 Na5 13. Nh4 b6 14. Nf5 Qf6 15. Ne3 Be6 16. Bb2 Bc5 17. Qe2 Rd8 18. Nd5 Bxd5 19. exd5 Bd6 20. Rae1 Nb3 21. Qd1 Nc5 22. f4 exf4 23. d4 Nd7 24. gxf4 Qh4 25. Re5 {Gashimov,V (2760)-Wang,Y (2709) Ningbo 2011 0-1 (43)}) ({RR} 10... Bd7 11. O-O Na5 12. Nd2 c5 13. Ne4 f5 14. Nxd6 Qxd6 15. f4 Rae8 16. fxe5 Qxe5 17. Rf2 Bc6 18. Bxc6 Nxc6 19. Qb3+ Rf7 20. g4 Na5 21. Qa4 Nc6 22. Bd2 Re6 23. Raf1 Rg6 24. g5 Re6 25. e4 {Vaganian,R (2595)-Chernin,A (2565) Nabereznye Chelny 1988 1-0 (44)}) ({RR} 10... Bg4 11. h3 Bd7 12. O-O b6 13. e4 f6 14. d4 Qf7 15. Be3 Kh8 16. a4 Rad8 17. Rfe1 Na5 18. Nd2 Qh5 19. g4 Qf7 20. Qa2 Be6 21. d5 Bd7 22. Nc4 Nxc4 23. Qxc4 h5 24. Qe2 g6 25. gxh5 {Caruana,F (2805)-Theodorou,N (2612) Charlotte USA 2024 0-1 (49)}) 11. O-O Na5 12. c4 c5 13. Nd2 f5 14. Nb1 Nc6 15. Nc3 Rb8 16. Rb1 Nd4 17. Qd1 f4 18. e3 fxe3 19. fxe3 Rxf1+ 20. Qxf1 Nc6 21. Bd5+ Kh8 22. Bb2 Bd7 23. Qg2 Rf8 24. Rf1 Rxf1+ 25. Qxf1 b6 26. Qf3 Qe8 27. Ne4 Bc7 28. Nf2 Ne7 29. Be4 Ng8 30. g4 Nf6 31. Bf5 Bc6 32. Qh3 Nh7 33. Qg3 Nf6 34. g5 hxg5 35. Qxg5 Qh5 36. Qxh5+ Nxh5 37. Ng4 e4 38. Bg6 exd3 39. Bxh5 Bf3 40. Bc3 Be2 41. h3 Kh7 42. Bf7 Bg3 43. Kg2 Bh4 44. Bd5 g6 1-0